<A> graphical procedure for comparing goodness-of-fit tests
Návrh metódy na porovnávanie testov normálnosti, založenej na použití tzv. izotonických kriviek, t.j. obrysov plôch, reprezentujúcich hodnoty P. Metóda konštrukcie a interpretácie izotonických kriviek.
Gespeichert in:
| 1. Verfasser: | |
|---|---|
| Weitere Verfasser: | , , |
| Format: | Buchkapitel |
| Sprache: | Englisch |
| Schlagworte: | |
| Tags: |
Keine Tags, Fügen Sie das erste Tag hinzu!
|
MARC
| LEADER | 00000naa a2200000 4500 | ||
|---|---|---|---|
| 001 | r007285 | ||
| 005 | 20221213085051.0 | ||
| 041 | 0 | |a eng | |
| 044 | |a GB | ||
| 245 | 1 | 0 | |a <A> graphical procedure for comparing goodness-of-fit tests |c G.S. Mudholkar, G.D. Kollia, C.T. Lin |
| 520 | |a Návrh metódy na porovnávanie testov normálnosti, založenej na použití tzv. izotonických kriviek, t.j. obrysov plôch, reprezentujúcich hodnoty P. Metóda konštrukcie a interpretácie izotonických kriviek. | ||
| 610 | 2 | 0 | |a metódy matematicko-štatistické |
| 610 | 2 | 0 | |a testy |
| 610 | 2 | 0 | |a matematika |
| 100 | 1 | |a Mudholkar, G.S. | |
| 700 | 1 | |a Kollia, G.D. | |
| 700 | 1 | |a Lin, C.T. | |
| 700 | 1 | |a Patel, K.R. | |